000 00281nam a22001337a 4500
008 170622b xxu||||| |||| 00| 0 eng d
020 _a9781568029412
041 _aeng
080 _a32
100 _a21
101 _aSHP
245 _aPUBLIC POLICY
_cKRAFT,M.E
942 _2udc
_cBK
999 _c18837
_d18837